Security in South Asia : (Record no. 618405)

MARC details
000 -LEADER
fixed length control field 00503nam a2200193 a 4500
008 - FIXED-LENGTH DATA ELEMENTS--GENERAL INFORMATION
fixed length control field 260330s2004##################000#0#eng##
020 ## - INTERNATIONAL STANDARD BOOK NUMBER
ISBN 9788176485500
082 04 - DEWEY DECIMAL CLASSIFICATION NUMBER
Classification number 355.033054
Item number VAN
100 1# - MAIN ENTRY--AUTHOR NAME
Personal name Asthana, Vandana,
245 10 - TITLE STATEMENT
Title Security in South Asia :
260 ## - PUBLICATION, DISTRIBUTION, ETC. (IMPRINT)
Name of publisher APH Publishing,
Year of publication 2004.
300 ## - PHYSICAL DESCRIPTION
Number of Pages 400 pages
650 #0 - SUBJECT ADDED ENTRY--TOPICAL TERM
Topical Term Ethnic conflict.
942 ## - ADDED ENTRY ELEMENTS (KOHA)
Koha item type English Books
Holdings
Withdrawn status Lost status Damaged status Not for loan Home library Current library Shelving location Date acquired Full call number Accession Number Price effective from Koha item type
        Anna Centenary Library Anna Centenary Library 4TH FLOOR, A WING 30.03.2026 355.033054 VAN 369064 30.03.2026 English Books

Find us on the map